000 00610nam a2200217Ia 4500
999 _c34959
_d34959
003 OSt
005 20210628105228.0
008 160316s2000 xxu||||| |||| 00| 0 eng d
020 _a9780393048452
040 _cn
082 _a150.195000
_bCOL
100 _aColes Robert
245 _aThe Erik Erikson reader
260 _aLondon
_bW W Norton & Co.
_c2000
300 _a526p
365 _bRs. 1,718
505 _aSummary: "This volume, ably assembled and introduced by Robert Coles, presents the Essential Erikson."-Howard Gardner
650 _a1. Psychoanalysis
700 _a
_a
942 _2ddc
_cBK